[Event "One day our rating will exceed 2000..."]
[Site "SchemingMind.com"]
[Date "2008.11.09"]
[Round "-"]
[White "maro"]
[Black "Hexsaw"]
[Result "1/2-1/2"]
[WhiteCountry "MEX"]
[BlackCountry "ENG"]
[WhiteElo "1259"]
[WhiteRD "58"]
[BlackElo "1307"]
[BlackRD "100"]
[GameID "178238"]

1. e4 c5 2. d4 cxd4 3. Qxd4 Nc6 4. Qe3 e5 5. Bc4 Nd4 6. Qd2 Nf6 7. Nc3 Be7 8. Nd5 Nxe4 9. Qd1 O-O 10. c3 Qa5
11. Nxe7+ Kh8 12. b4 Qc7 13. Qd3 Nc2+ 14. Qxc2 Qxc4 15. Bd2 d5 16. Nf3 Be6 17. Nxe5 Qc7 18. f3 Qxe5 19. O-O-O Nf2 20. Rde1 Qf6
21. Rhf1 Qxe7 22. Rxf2 Rac8 23. g3 g6 24. Bh6 f5 25. Bxf8 Rxf8 26. c4 Re8 27. Rfe2 Qf7 28. cxd5 Rc8 29. Rxe6 Rxc2+ 30. Kxc2 Qc7+
31. Kd2 Qc4 32. Re8+ Kg7 33. R1e7+ Kf6 34. Rxh7 Qxd5+ 35. Ke3 Qxa2 36. Rf8+ Ke5 37. f4+ Kd6 38. Rf6+ Kd5 39. Rd7+ Kc4 40. Rd4+ Kc3
41. Rxg6 Qa4 42. Rf6 Qc2 43. Rfd6 Qc1+ 44. Kf3 Qh1+ 45. Kf2 Qxh2+ 46. Kf3 Qh5+ 47. Kg2 Qe2+ 48. Kh3 b6 49. b5 Qh5+ 50. Kg2 Qe2+
51. Kh3=
1/2-1/2

[Event "One day our rating will exceed 2000..."]
[Site "SchemingMind.com"]
[Date "2008.11.09"]
[Round "-"]
[White "Hexsaw"]
[Black "maro"]
[Result "0-1"]
[WhiteCountry "ENG"]
[BlackCountry "MEX"]
[WhiteElo "1273"]
[WhiteRD "115"]
[BlackElo "1264"]
[BlackRD "52"]
[GameID "178239"]

1. d4 d5 2. Nf3 Nf6 3. Nc3 Nc6 4. e3 b6 5. Bb5 Bd7 6. O-O a6 7. Bd3 g6 8. Ne5 Nxe5 9. dxe5 Ng4 10. Nxd5 Nxe5
11. Be4 c6 12. Qd4 Bg7 13. Nxb6 Rb8 14. Nxd7 Qxd7 15. Qxd7+ Nxd7 16. Bxc6 Rd8 17. Rd1 O-O 18. Rd5 Nb6 19. e4 e6 20. Be3 Nxd5
21. exd5 exd5 22. c3 f5 23. g3 h6 24. h4 g5 25. hxg5 Rd6 26. Ba4 h5 27. f4 Kf7 28. Re1 Rh8 29. Bc5 Re6 30. Kf2 h4
31. Bc6 Rxc6 32. Re7+ Kg6 33. b4 Bxc3 34. Re3 d4 35. Rd3 h3 36. Rd1 h2 37. Kg2 a5 38. a3 Bb2 39. Rxd4 Bxd4 40. Bxd4 Rc2+
41. Kh1 Rh3 42. bxa5 Rxg3 43. a6 Rf3 44. Be3 Rf1+
0-1

[Event "One day our rating will exceed 2000..."]
[Site "SchemingMind.com"]
[Date "2008.11.10"]
[Round "-"]
[White "cnbcad"]
[Black "Hexsaw"]
[Result "1-0"]
[WhiteCountry "USA"]
[BlackCountry "ENG"]
[WhiteElo "1598"]
[WhiteRD "61"]
[BlackElo "1307"]
[BlackRD "100"]
[GameID "178319"]

1. e4 c5 2. Nf3 Nf6 3. e5 Nd5 4. c4 Nc7 5. Nc3 Nc6 6. d4 cxd4 7. Nxd4 Nxe5 8. Bf4 d6 9. c5 f6 10. cxd6 exd6
11. Bd3 Ne6 12. Nxe6 Bxe6 13. Bxe5 fxe5 14. O-O d5 15. Rc1 g6 16. Re1 Qf6 17. Bb5+ Kd8 18. Nxd5 Qf5 19. Ne3+ Ke7 20. Nxf5+ Bxf5
21. Rxe5+ Kf6 22. f4
1-0

[Event "One day our rating will exceed 2000..."]
[Site "SchemingMind.com"]
[Date "2008.11.10"]
[Round "-"]
[White "cnbcad"]
[Black "maro"]
[Result "1-0"]
[WhiteCountry "USA"]
[BlackCountry "MEX"]
[WhiteElo "1582"]
[WhiteRD "73"]
[BlackElo "1264"]
[BlackRD "52"]
[GameID "178321"]

1. e4 e5 2. Nf3 Nf6 3. Nxe5 Nxe4 4. Qe2 d5 5. d3 Bd6 6. Nf3 Bg4 7. h3 Bxf3 8. gxf3 O-O 9. fxe4 d4 10. c3 dxc3
11. Nxc3 Nc6 12. Be3 Re8 13. Rg1 Be5 14. O-O-O Qd6 15. Nd5 Nb4 16. Nxb4 Qxb4 17. d4 Bd6 18. Bh6 g6 19. e5 Bf8 20. Bxf8 Rxf8
21. f4 c5 22. f5 g5 23. Rxg5+ Kh8 24. Qh5 cxd4 25. Qh6 Qc5+ 26. Kb1 Qxe5 27. f6 Qe4+ 28. Bd3 Qe5 29. Qg7#
1-0

[Event "One day our rating will exceed 2000..."]
[Site "SchemingMind.com"]
[Date "2008.11.11"]
[Round "-"]
[White "Hexsaw"]
[Black "cnbcad"]
[Result "0-1"]
[WhiteCountry "ENG"]
[BlackCountry "USA"]
[WhiteElo "1307"]
[WhiteRD "100"]
[BlackElo "1598"]
[BlackRD "61"]
[GameID "178322"]

1. d4 Nf6 2. Nf3 d5 3. Nc3 e6 4. g3 Nc6 5. Bh3 g5 6. Bxg5 Bd7 7. O-O Qe7 8. Nxd5 exd5 9. Bxd7+ Qxd7 10. Ne5 Nxe5
11. dxe5 Ng4 12. Qd4 h6 13. Bh4 c5 14. Qc3 Be7 15. Rad1 d4 16. Qf3 Bxh4 17. gxh4 Rg8 18. Qe4 Nf6+ 19. Qg2 Rxg2+ 20. Kxg2 Qd5+
21. f3 Qxe5 22. c3 Ke7 23. Rde1 Rg8+ 24. Kf2 Qe3#
0-1

[Event "One day our rating will exceed 2000..."]
[Site "SchemingMind.com"]
[Date "2008.11.10"]
[Round "-"]
[White "maro"]
[Black "cnbcad"]
[Result "0-1"]
[WhiteCountry "MEX"]
[BlackCountry "USA"]
[WhiteElo "1264"]
[WhiteRD "52"]
[BlackElo "1582"]
[BlackRD "73"]
[GameID "178324"]

1. d4 d5 2. Nc3 Nf6 3. f3 Bf5 4. g4 Bxg4 5. fxg4 Nxg4 6. e3 Nf6 7. Qd3 e6 8. Qb5+ Nbd7 9. Qxb7 Bd6 10. Bb5 Rb8
11. Qxa7 O-O 12. Bd3 Bb4 13. Bd2 Ne8 14. O-O-O Nd6 15. Nh3 Ra8 16. Qxa8 Qxa8 17. a3 c5 18. e4 Bxa3 19. bxa3 Qxa3+ 20. Kb1 Rb8+
21. Nb5 Nxb5 22. Bc1 Nc3#
0-1

[Event "One day our rating will exceed 2000..."]
[Site "SchemingMind.com"]
[Date "2008.11.10"]
[Round "-"]
[White "agoodhobby"]
[Black "cnbcad"]
[Result "0-1"]
[WhiteCountry "USA"]
[BlackCountry "USA"]
[WhiteElo "1568"]
[WhiteRD "63"]
[BlackElo "1598"]
[BlackRD "61"]
[GameID "178494"]

1. e4 e5 2. Nf3 Nc6 3. Bb5 d6 4. d4 a6 5. Bxc6+ bxc6 6. dxe5 Bg4 7. O-O d5 8. exd5 cxd5 9. Qd3 c6 10. Re1 Bc5
11. h3 Be6 12. Nc3 Ne7 13. Ng5 Bf5 14. Qf3 O-O 15. Be3 d4 16. Rad1 h6 17. Nge4 Qc7 18. Bxd4 Bxd4 19. Rxd4 Qxe5 20. Re2 Qxd4
21. b3 Bxe4 22. Rxe4 Qd6 23. a4 Rae8 24. Re1 Ng6 25. Rxe8 Rxe8 26. g3 Re1+ 27. Kg2 Qd2
0-1

[Event "One day our rating will exceed 2000..."]
[Site "SchemingMind.com"]
[Date "2008.11.10"]
[Round "-"]
[White "agoodhobby"]
[Black "Hexsaw"]
[Result "1/2-1/2"]
[WhiteCountry "USA"]
[BlackCountry "ENG"]
[WhiteElo "1562"]
[WhiteRD "65"]
[BlackElo "1307"]
[BlackRD "94"]
[GameID "178495"]

1. e4 e5 2. Nf3 d6 3. d4 Nf6 4. Nc3 Be7 5. dxe5 dxe5 6. Qxd8+ Bxd8 7. Nxe5 O-O 8. Bc4 Nc6 9. Nxc6 bxc6 10. O-O Be6
11. Bxe6 fxe6 12. Bg5 Rb8 13. b3 c5 14. e5 Ng4 15. Bxd8 Rbxd8 16. Rfe1 Rd2 17. f3 Rxc2 18. Ne4 Rd8 19. fxg4 Rd4 20. g5 g6
21. Nf6+ Kf7 22. g3 Rdd2 23. Ng4 a5 24. Rf1+ Ke7 25. Rf2 h5 26. Rxd2 Rxd2 27. Nf6 Re2 28. Rd1 a4 29. Rd7+ Kf8 30. Rxc7 Re1+
31. Kg2 Re2+ 32. Kf3 Rxh2 33. Rxc5 h4 34. Ng4 Rxa2 35. bxa4 Ra3+ 36. Ne3 Rxa4 37. gxh4 Rxh4 38. Nd5 exd5 39. Rxd5 Rh3+ 40. Ke4 Rh4+
41. Kf3 Rh3+ 42. Ke4 Rh4+ 43. Kd3 Rh5 44. e6 Ke7 45. Re5 Rh3+= 46. Kd4 Rh4+ 47. Kd5=
1/2-1/2

[Event "One day our rating will exceed 2000..."]
[Site "SchemingMind.com"]
[Date "2008.11.10"]
[Round "-"]
[White "agoodhobby"]
[Black "maro"]
[Result "1-0"]
[WhiteCountry "USA"]
[BlackCountry "MEX"]
[WhiteElo "1619"]
[WhiteRD "62"]
[BlackElo "1264"]
[BlackRD "52"]
[GameID "178497"]

1. e4 e5 2. Nf3 Nf6 3. Nxe5 Nxe4 4. Qe2 d5 5. d3 Nc6 6. Nxc6 Qd6 7. dxe4 d4 8. Nxd4 Qxd4 9. c3 Qb6 10. Be3 c5
11. b4 Be7 12. a3 Qe6 13. Qa2 Qxe4 14. Nd2 Qe5 15. Bc4 Be6 16. Bb5+ Kd8 17. Rd1 Qxc3 18. O-O Bxa2 19. Ne4+ Kc7 20. Nxc3 Bb3
21. Rd7+ Kb6 22. Rxe7 a6 23. Be2
1-0

[Event "One day our rating will exceed 2000..."]
[Site "SchemingMind.com"]
[Date "2008.11.10"]
[Round "-"]
[White "cnbcad"]
[Black "agoodhobby"]
[Result "1-0"]
[WhiteCountry "USA"]
[BlackCountry "USA"]
[WhiteElo "1598"]
[WhiteRD "61"]
[BlackElo "1568"]
[BlackRD "63"]
[GameID "178498"]

1. e4 c5 2. Nf3 Nc6 3. d4 cxd4 4. Nxd4 Nf6 5. Nxc6 bxc6 6. Nd2 e6 7. e5 Nd5 8. Be2 Qg5 9. O-O Qxe5 10. Nf3 Qb8
11. c4 Nf4 12. Bxf4 Qxf4 13. b3 Bc5 14. Qd3 O-O 15. Bd1 d5 16. Bc2 g6 17. Rae1 Ba6 18. Ne5 Bd6 19. g3 Qg5 20. Nxc6 Bb7
21. Na5 Ba6 22. Nc6 Bc5 23. b4 Bb6 24. Qa3 Bb7 25. cxd5 Qxd5 26. Ne7+
1-0

[Event "One day our rating will exceed 2000..."]
[Site "SchemingMind.com"]
[Date "2008.11.11"]
[Round "-"]
[White "Hexsaw"]
[Black "agoodhobby"]
[Result "0-1"]
[WhiteCountry "ENG"]
[BlackCountry "USA"]
[WhiteElo "1307"]
[WhiteRD "94"]
[BlackElo "1562"]
[BlackRD "65"]
[GameID "178499"]

1. d4 d5 2. Nf3 Nf6 3. Nc3 e6 4. e3 c5 5. Be2 Nc6 6. O-O Bd6 7. Re1 O-O 8. Nb5 a6 9. Nxd6 Qxd6 10. c4 b6
11. b3 Ne4 12. Ba3 b5 13. dxc5 Nxc5 14. Bxc5 Qxc5 15. Qc2 h6 16. Bd3 e5 17. Bh7+ Kh8 18. Nh4 e4 19. Bf5 Nb4 20. Qe2 Bxf5
21. Nxf5 Nd3 22. a3 Nxe1 23. Qxe1 Kh7 24. f3 exf3 25. gxf3 dxc4 26. Qb1 g6 27. Nh4 Qxe3+ 28. Kf1 cxb3 29. Qd1 Rad8 30. Qe2 Qxe2+
31. Kxe2 Rfe8+ 32. Kf2 Rd2+ 33. Kg3 b2 34. Rb1 Rc8 35. Kf4 Rc1 36. Rxb2 Rxb2
0-1

[Event "One day our rating will exceed 2000..."]
[Site "SchemingMind.com"]
[Date "2008.11.10"]
[Round "-"]
[White "maro"]
[Black "agoodhobby"]
[Result "0-1"]
[WhiteCountry "MEX"]
[BlackCountry "USA"]
[WhiteElo "1264"]
[WhiteRD "52"]
[BlackElo "1619"]
[BlackRD "62"]
[GameID "178501"]

1. e4 c5 2. Nc3 Nc6 3. d3 g6 4. Be3 d6 5. Qf3 Bg7 6. d4 cxd4 7. Bxd4 Nxd4 8. Bb5+ Nxb5 9. Nxb5 Bxb2 10. Rb1 Bg7
11. Ne2 Qa5+ 12. Nec3 Bd7 13. e5 Bxe5 14. Qxb7 Rd8 15. O-O Bxc3 16. Nc7+ Kf8 17. Nd5 Bc8 18. Qc6 Bg7 19. Rb8 Qc5 20. Rxc8 Rxc8
21. Qd7 Qc6
0-1

[Event "One day our rating will exceed 2000..."]
[Site "SchemingMind.com"]
[Date "2008.11.11"]
[Round "-"]
[White "s-man"]
[Black "cnbcad"]
[Result "0-1"]
[WhiteCountry "CAN"]
[BlackCountry "USA"]
[WhiteElo "1191"]
[WhiteRD "84"]
[BlackElo "1582"]
[BlackRD "73"]
[GameID "178567"]

1. e4 e5 2. Nf3 Nc6 3. Bc4 Nf6 4. Nc3 Bc5 5. Bb5 a6 6. Bc4 d5 7. Bxd5 Nxd5 8. Nxd5 O-O 9. O-O Nd4 10. c3 Nxf3+
11. gxf3 Qg5+ 12. Kh1 Bh3 13. Rg1 Qh4 14. Nxc7 Rad8 15. d4 exd4 16. Qe1 dxc3 17. bxc3 Bxf2 18. Rxg7+ Kxg7 19. Qe2 Kh8 20. Bh6 Rg8
21. Nd5 Bg2#
0-1

[Event "One day our rating will exceed 2000..."]
[Site "SchemingMind.com"]
[Date "2008.11.11"]
[Round "-"]
[White "s-man"]
[Black "Hexsaw"]
[Result "0-1"]
[WhiteCountry "CAN"]
[BlackCountry "ENG"]
[WhiteElo "1156"]
[WhiteRD "90"]
[BlackElo "1307"]
[BlackRD "94"]
[GameID "178568"]

1. Nc3 e5 2. Nf3 Nc6 3. e4 Nf6 4. a4 Be7 5. Nd5 Nxe4 6. Nxe7 Qxe7 7. Qe2 d5 8. b3 O-O 9. Qd3 Be6 10. c4 Rad8
11. c5 Qxc5 12. Ba3 Qa5 13. Bxf8 Rxf8 14. b4 Qxb4 15. Rb1 Qxa4 16. Rxb7 Qa1+ 17. Ke2 Bg4 18. Qxd5 Qa6+ 19. d3 Nc3+ 20. Kd2 Nxd5
21. h3 Qa2+ 22. Ke1 Qa1+
0-1

[Event "One day our rating will exceed 2000..."]
[Site "SchemingMind.com"]
[Date "2008.11.11"]
[Round "-"]
[White "s-man"]
[Black "agoodhobby"]
[Result "0-1"]
[WhiteCountry "CAN"]
[BlackCountry "USA"]
[WhiteElo "1156"]
[WhiteRD "90"]
[BlackElo "1562"]
[BlackRD "65"]
[GameID "178570"]

1. d4 d5 2. Nf3 Nf6 3. e3 e6 4. Nc3 c5 5. Ng5 Be7 6. Bb5+ Bd7 7. Qf3 Bxb5 8. Nxb5 Qa5+ 9. Nc3 cxd4 10. exd4 Nc6
11. b4 Nxb4 12. O-O Nxc2 13. Rb1 Nxd4 14. Qd3 Nc6 15. Rxb7 O-O 16. Qb5 Qxc3 17. a4 Nd4 18. Qb2 Qxb2 19. Bxb2 Rab8 20. Rxe7 Rxb2
21. Rxa7 h6 22. Nf3 Nxf3+ 23. gxf3 Rfb8 24. a5 Rb1
0-1

[Event "One day our rating will exceed 2000..."]
[Site "SchemingMind.com"]
[Date "2008.11.11"]
[Round "-"]
[White "s-man"]
[Black "maro"]
[Result "0-1"]
[WhiteCountry "CAN"]
[BlackCountry "MEX"]
[WhiteElo "1191"]
[WhiteRD "84"]
[BlackElo "1264"]
[BlackRD "52"]
[GameID "178571"]

1. Nf3 f6 2. e3 d5 3. d4 Bf5 4. Bb5+ c6 5. Ba4 b5 6. Bb3 Qd6 7. Nh4 Nh6 8. Nxf5 Nxf5 9. Nc3 g6 10. e4 dxe4
11. Nxe4 Qb4+ 12. Qd2 Qxd2+ 13. Bxd2 Nxd4 14. c3 Nxb3 15. axb3 f5 16. Ng5 Nd7 17. c4 b4 18. Bxb4 e5 19. Bc3 Nc5 20. b4 Nb3
21. Rd1 c5 22. bxc5 Bxc5 23. Rd5 h6 24. Ne6 Ke7 25. Nc7 Rac8 26. Na6 Rhd8 27. Rxe5+ Kd6 28. f4 Rc6 29. Nb4 Bxb4 30. Bxb4+ Nc5
31. Re2 Rb8 32. Rd2+ Ke7 33. Ba3 Re8 34. Re2+ Kd7 35. Kd1 Nd3 36. Kd2 Nxf4 37. Re3 Rxc4 38. b3 Rd4+ 39. Kc3 Rd5 40. Bc1 Rc5+
41. Kb2 Rec8 42. Rd1+ Kc6 43. Bd2 Nxg2 44. Re6+ Kb5 45. Rxg6 Rc2+ 46. Kb1 Nh4 47. Rxh6 Nf3 48. Be3 R8c3 49. h4 Kb4 50. Bxa7 Kxb3
51. h5 Nd2+ 52. Rxd2 Rc1#
0-1

[Event "One day our rating will exceed 2000..."]
[Site "SchemingMind.com"]
[Date "2008.11.11"]
[Round "-"]
[White "cnbcad"]
[Black "s-man"]
[Result "1-0"]
[WhiteCountry "USA"]
[BlackCountry "CAN"]
[WhiteElo "1582"]
[WhiteRD "73"]
[BlackElo "1191"]
[BlackRD "84"]
[GameID "178572"]

1. e4 e5 2. Nf3 Nc6 3. Bc4 Nf6 4. Ng5 d5 5. exd5 Nd4 6. Nxf7 Kxf7 7. c3 Nf5 8. d6+ Kg6 9. dxc7 Qxc7 10. Bd3 Qc6
11. O-O b5 12. Bxf5+ Kxf5 13. d4 Qd7 14. Qe2 exd4 15. Qd3+ Ke6 16. Re1+ Kf7 17. Bg5 Qg4 18. h4 Bb7 19. f3 Qd7 20. cxd4 h6
21. Bxf6 Kxf6 22. Nd2 g5 23. h5 Re8 24. Qg6#
1-0

[Event "One day our rating will exceed 2000..."]
[Site "SchemingMind.com"]
[Date "2008.11.11"]
[Round "-"]
[White "Hexsaw"]
[Black "s-man"]
[Result "1-0"]
[WhiteCountry "ENG"]
[BlackCountry "CAN"]
[WhiteElo "1307"]
[WhiteRD "100"]
[BlackElo "1177"]
[BlackRD "88"]
[GameID "178573"]

1. d4 d5 2. Nc3 e6 3. Nf3 Nf6 4. e3 Ne4 5. Bd3 Nxc3 6. bxc3 Bd6 7. O-O h5 8. e4 h4 9. exd5 exd5 10. Re1+ Be6
11. Bg5 f6 12. Rxe6+ Kf7 13. Qe1 fxg5 14. Bg6+ Kg8 15. Re8+ Qxe8 16. Qxe8+ Bf8 17. Re1 Rh6 18. Bf7+ Kh7 19. Nxg5+ Kh8 20. Qxf8#
1-0

[Event "One day our rating will exceed 2000..."]
[Site "SchemingMind.com"]
[Date "2008.11.11"]
[Round "-"]
[White "agoodhobby"]
[Black "s-man"]
[Result "1-0"]
[WhiteCountry "USA"]
[BlackCountry "CAN"]
[WhiteElo "1562"]
[WhiteRD "65"]
[BlackElo "1156"]
[BlackRD "90"]
[GameID "178575"]

1. e4 e5 2. Nf3 Nc6 3. Bb5 Nh6 4. Bxc6 dxc6 5. Nxe5 Qe7 6. Ng4 Qxe4+ 7. Ne3 Bc5 8. O-O Nf5 9. Nxf5 Qxf5 10. Re1+ Be6
11. d4 Bb4 12. c3 Bd6 13. Be3 O-O-O 14. Na3 Bd5 15. Qa4 Qg5 16. Bxg5 h6 17. Bxd8 Rxd8 18. Qxa7 Kd7 19. Qxb7 g5 20. Nb5 cxb5
21. Qxb5+ c6 22. Qb7+ Bc7 23. Re7+
1-0

[Event "One day our rating will exceed 2000..."]
[Site "SchemingMind.com"]
[Date "2008.11.11"]
[Round "-"]
[White "maro"]
[Black "s-man"]
[Result "1-0"]
[WhiteCountry "MEX"]
[BlackCountry "CAN"]
[WhiteElo "1264"]
[WhiteRD "52"]
[BlackElo "1191"]
[BlackRD "84"]
[GameID "178576"]

1. e4 e5 2. d4 d6 3. d5 Nf6 4. f3 Nh5 5. g3 h6 6. Be3 Na6 7. Bb5+ c6 8. Bxa6 bxa6 9. dxc6 Qc7 10. Qd5 Be7
11. Nc3 Bd8 12. Nge2 g5 13. g4 Nf6 14. Qc4 Rb8 15. b3 h5 16. O-O-O hxg4 17. fxg4 Nxg4 18. Rhf1 Nxe3 19. Qa4 Bh3 20. Nd5 Qc8
21. c7+ Kf8 22. cxb8=Q Qxb8 23. Nf6 Bxf6 24. Rxf6 Nxd1 25. Qc4 Qd8 26. Qxf7#
1-0